| 000 | 00000nam 2200000zi 4500 |
| 001 | 9.945559 |
| 003 | CaOODSP |
| 005 | 20241126090403 |
| 006 | m o d f |
| 007 | cr |n||||||||| |
| 008 | 241126t19891989onc o f000 0 eng d |
| 020 | |z0662565495 |
| 040 | |aCaOODSP|beng|erda|cCaOODSP |
| 043 | |an-cn---|an-us--- |
| 086 | 1 |aE74-20/7-1989E-PDF|zE74-20/7-1989 |
| 245 | 04|aThe Canada-U.S. Free Trade Agreement and government procurement : |ban assessment. |
| 264 | 1|aOttawa, Canada : |bMinister of Supply and Services, Government of Canada, |c[1989] |
| 264 | 4|c©1989 |
| 300 | |a1 online resource (65 pages) |
| 336 | |atext|btxt|2rdacontent |
| 337 | |acomputer|bc|2rdamedia |
| 338 | |aonline resource|bcr|2rdacarrier |
| 500 | |aDigitized edition from print [produced by Government of Canada Publications Directorate]. |
| 500 | |aIssued also in French under title: L'Accord de libre-échange Canada-États-Unis et les marchés publics : une appréciation. |
| 500 | |a"This publication was prepared jointly by External Affairs Canada and Supply and Services Canada"--Title page verso. |
| 650 | 0|aGovernment purchasing|zCanada. |
| 650 | 0|aFree trade|zCanada. |
| 650 | 0|aFree trade|zUnited States. |
| 710 | 1 |aCanada. |bDepartment of External Affairs, |eissuing body. |
| 710 | 1 |aCanada. |bSupply and Services Canada, |eissuing body. |
| 775 | 08|tL'Accord de libre-échange Canada-États-Unis et les marchés publics : |w(CaOODSP)9.945560 |
| 856 | 40|qPDF|s34.2 MB|uhttps://publications.gc.ca/collections/collection_2024/amc-gac/E74-20-7-1989-eng.pdf |